IPL 2023 Orange Cap Leaders - Statistics

General Stats
  • This quiz has been taken 111 times
    107 since last reset
  • The average score is 8 of 10
Answer Stats
Team Runs Player % Correct
RCB 639 Virat Kohli
99%
GT 890 Shubman Gill
98%
RCB 730 Faf Du Plessis
89%
CSK 590 Ruturaj Gaikwad
86%
MI 605 Suryakumar Yadav
78%
DC 516 David Warner
76%
RR 625 Yashasvi Jaiswal
72%
CSK 672 Devon Conway
67%
MI 454 Ishan Kishan
63%
KKR 474 Rinku Singh
38%
No matching quizzes found
Score Distribution
Percent of People with Each Score
Percentile by Number Answered
Your Score History
You have not taken this quiz since the last reset